000 04749 a2200337 4500
999 _c10914
_d10914
020 _a9780071281775
050 0 0 _aQR46
_bLEV 2008
100 1 _aLevinson, Warren.
_eauthor
245 1 0 _aReview of medical microbiology and immunology /
_cWarren Levinson.
250 _a10th ed.
264 _aBoston:
_bMcGraHill
_c2008
300 _aviii, 632 pages :
_bcoloured illustration. ;
336 _2text
_ardacontent
_btxt
337 _2unmediated
_ardamedia
_bn
338 _2volume
_ardacarrier
_bnc
500 _a"A Lange medical book."
500 _aIncludes index.
505 8 _aMachine generated contents note: Preface -- Acknowledgements -- How to Use This Book -- <b>I: Basic Bacteriology</b> -- 1. Bacteria Compared With Other Organisms -- 2. Structure of Bacteria Cells -- 3. Growth -- 4. Genetics -- 5. Classification of Medically Important Bacteria -- 6. Normal Flora -- 7. Pathogenesis -- 8. Host Defenses -- 9. Laboratory Diagnosis -- 10. Antimicrobial Drugs: Mechanism of Action -- 11. Antimicrobial Drugs: Resistance -- 12. Bacterial Vaccines -- 13. Sterilization & Disinfection -- <b>II: Clinical Bacteriology</b> -- 14. Overview of the Major Pathogens & Introduction to Anaerobic Bacteria -- 15. Gram-Positive Cocci -- 16. Gram-Negative Cocci -- 17. Gram-Positive Rods -- 18. Gram-Negative Rods Related to the Enteric Tract -- 19. Gram-Negative Rods Related to the Respiratory Tract -- 20. Gram-Negative Rods Related to Animal Sources (Zoonotic Organisms) -- 21. Mycobacteria -- 22. Actinomycetes -- 23. Mycoplasmas -- 24. Spirochetes -- 25. Chlamydiae -- 26. Rickettsiae -- 27. Minor Bacterial Pathogens -- <b>III: Basic Virology </b> -- 28. Structure -- 29. Replication -- 30. Genetics & Gene Therapy -- 31. Classification of Medically Important Viruses -- 32. Pathogenesis -- 33. Host Defenses -- 34. Laboratory Diagnosis -- 35. Antiviral Drugs -- 36. Viral Vaccines -- <b>PART IV: Clinical Virology </b> -- 37. DNA Enveloped Viruses -- 38. DNA Nonenveloped Viruses -- 39. RNA Enveloped Viruses -- 40. RNA Nonenveloped Viruses -- 41. Hepatitis Viruses -- 42. Arboviruses -- 43. Tumor Viruses -- 44. Slow Virus & Prions -- 45. Human Immunodeficiency Virus -- 46. Minor Viral Pathogens -- <b>V: Mycology </b> -- 47. Basic Mycology -- 48. Cutaneous & Subcutaneous Mycoses -- 49. Systemic Mycoses -- 50. Opportunistic Mycoses -- <b>VI: Parasitology </b> -- 51. Intestinal & Urogenital Protozoa -- 52. Blood & Tissue Protozoa -- 53. Minor Protozoan Pathogens -- 54. Cestodes -- 55. Trematodes -- 56. Nematodes -- <b>VII: Immunology </b> -- 57. Immunity -- 58. Cellular Basis of the Immune Response -- 59. Antibodies -- 60. Humoral Immunity -- 61. Cell-Mediated Immunity -- 62. Major Histocompatibility Complex & Transportation -- 63. Complement -- 64. Antigen-Antobody Reactions in the Laboratory -- 65. Hypersensitivity (Allergy) -- 66. Tolerance & Autoimmune Disease -- 67. Tumor Immunity -- 68. Immunodeficiency -- <b>VIII: Ectoparasites </b> -- 69. Ectoparasites That Cause Human Disease -- <b>IX: Brief Summaries of Medically Important Organisms</b> -- Summaries of Medically Important Bacteria -- Summaries of Medically Important Viruses -- Summaries of Medically Important Fungi -- Summaries of Medically Important Parasites -- Summaries of Medically Important Ectoparasites -- <b>X: Clinical Cases </b> -- <b>XI: Pearls for the USMLE </b> -- <b>XII: USMLE (National Board) Practice Questions</b> -- Basic Bacteriology -- Clinical Bacteriology -- Basic Virology -- Clinical Virology -- Mycology -- Parasitology -- Immunology -- Extended Matching Questions -- Clinical Case Questions -- <b>XIII: USMLE (National Board) Practice Examination </b> -- Index.
520 _a"This book is a concise review of the medically important aspects of microbiology and immunology. It covers both the basic and clinical aspects of bacteriology, virology, mycology, parasitology, and immunology. Its two major aims are (1) to assist those who are preparing for the USMLE (National Boards) and (2) to provide students who are currently taking medical microbiology courses with a brief and up-to-date source of information. My goal is to provide the reader with an accurate source of clinically relevant information at a level appropriate for those beginning their medical education"--Provided by publisher.
650 0 _aMedical microbiology
650 0 _aClinical immunology
650 1 2 _aMicrobiology
650 1 2 _aMicrobiology
650 2 2 _aAllergy and Immunology
650 2 2 _aAllergy and Immunology
650 2 2 _aImmunologic Techniques
650 2 2 _aImmunologic Techniques
700 _aWarren Levinson
_eauthor
942 _2lcc
_cBK
_e10th
_h46
_iLEV
_kQR